|
|
|
|
| LEADER |
00000naa2a2200000 4500 |
| 001 |
176027 |
| 005 |
20231031165200.0 |
| 035 |
|
|
|a (RuTPU)RU\TPU\book\190828
|
| 090 |
|
|
|a 176027
|
| 100 |
|
|
|a 20100219d2009 k y0rusy50 ca
|
| 101 |
0 |
|
|a rus
|
| 102 |
|
|
|a RU
|
| 200 |
1 |
|
|a Монетарные методы выхода из кризиса. Особенности 2009
|f А. М. Руденко
|
| 320 |
|
|
|a Библиогр.: 9 назв.
|
| 463 |
|
0 |
|0 (RuTPU)RU\TPU\book\186920
|t Т. 1
|v С. 66-67
|d 2009
|p 183 с.
|
| 610 |
1 |
|
|a кризисы
|
| 610 |
1 |
|
|a монетаризм
|
| 610 |
1 |
|
|a мировая экономика
|
| 610 |
1 |
|
|a труды учёных ТПУ
|
| 700 |
|
1 |
|a Руденко
|b А. М.
|
| 801 |
|
1 |
|a RU
|b 63413507
|c 20100219
|
| 942 |
|
|
|c BK
|